<?xml version="1.0" encoding="UTF-8"?><?xml-stylesheet type="text/xsl" href="static/style.xsl"?><OAI-PMH xmlns="http://www.openarchives.org/OAI/2.0/" xmlns:xsi="http://www.w3.org/2001/XMLSchema-instance" xsi:schemaLocation="http://www.openarchives.org/OAI/2.0/ http://www.openarchives.org/OAI/2.0/OAI-PMH.xsd"><responseDate>2026-04-14T05:20:18Z</responseDate><request verb="GetRecord" identifier="oai:www.recercat.cat:10256/27692" metadataPrefix="marc">https://recercat.cat/oai/request</request><GetRecord><record><header><identifier>oai:recercat.cat:10256/27692</identifier><datestamp>2025-11-22T07:48:19Z</datestamp><setSpec>com_2072_452955</setSpec><setSpec>com_2072_2054</setSpec><setSpec>col_2072_453063</setSpec></header><metadata><record xmlns="http://www.loc.gov/MARC21/slim" xmlns:dcterms="http://purl.org/dc/terms/" xmlns:xsi="http://www.w3.org/2001/XMLSchema-instance" xmlns:doc="http://www.lyncode.com/xoai" xsi:schemaLocation="http://www.loc.gov/MARC21/slim http://www.loc.gov/standards/marcxml/schema/MARC21slim.xsd">
   <leader>00925njm 22002777a 4500</leader>
   <datafield ind2=" " ind1=" " tag="042">
      <subfield code="a">dc</subfield>
   </datafield>
   <datafield ind2=" " ind1=" " tag="720">
      <subfield code="a">Serra Putellas, Teresa</subfield>
      <subfield code="e">author</subfield>
   </datafield>
   <datafield ind2=" " ind1=" " tag="720">
      <subfield code="a">Soler i Ortega, Marianna</subfield>
      <subfield code="e">author</subfield>
   </datafield>
   <datafield ind2=" " ind1=" " tag="720">
      <subfield code="a">Mancini, Mirco</subfield>
      <subfield code="e">author</subfield>
   </datafield>
   <datafield ind2=" " ind1=" " tag="720">
      <subfield code="a">Solari, Luca</subfield>
      <subfield code="e">author</subfield>
   </datafield>
   <datafield ind2=" " ind1=" " tag="720">
      <subfield code="a">Colomer, Jordi</subfield>
      <subfield code="e">author</subfield>
   </datafield>
   <datafield ind2=" " ind1=" " tag="260">
      <subfield code="c">2025-11</subfield>
   </datafield>
   <datafield ind2=" " ind1=" " tag="520">
      <subfield code="a">Turbidity currents are key agents in sediment transport and bed reshaping, influencing geological records, organic carbon fluxes and pollutant transport. While extensively studied over smooth beds, their interaction with rough beds, such as gravel or vegetated substrates, remains poorly understood. Existing studies suggest bed roughness slows flow and alters deposition, but a comprehensive understanding of how grain-size affects current dynamics and sedimentation patterns is lacking. In this study, we addressed key knowledge gaps on the influence of bed roughness and vegetation on turbidity current dynamics and sedimentation by conducting a comprehensive series of lock-exchange flume experiments. Six bed grain-sizes, multiple flow depths, and sediment concentrations were tested and compared with previous experiments on simulated and real vegetation. Results demonstrate that increasing bed roughness significantly reduces turbidity current velocity and enhances near-source sediment deposition. Greater deposits close to the source result in more non-uniform sediment distribution, with less deposition along the gravel bed. Conversely, smooth beds facilitate longer sediment transport and more uniform deposition. Flow regimes were observed to shift from inertial to drag-dominated as a function of bed configuration, with vegetated and coarse-grained beds inducing comparable hydraulic resistance. Sediment deposition patterns were closely linked to bed roughness and influenced clogging processes via unimpeded static percolation. Overall, the findings reveal a strong feedback between substrate morphology and turbidity current behaviour, with important implications for turbidite formation, sedimentary structure development, and hyporheic exchange dynamics</subfield>
   </datafield>
   <datafield ind2=" " ind1=" " tag="520">
      <subfield code="a">This study was funded by the Ministerio de Economía y Competitividad of the Spanish Government through Grant PID2024-155974OB-I00.&#xd;
Open Access funding provided thanks to the CRUE-CSIC agreement with Elsevier</subfield>
   </datafield>
   <datafield tag="653" ind2=" " ind1=" ">
      <subfield code="a">Sedimentació</subfield>
   </datafield>
   <datafield tag="653" ind2=" " ind1=" ">
      <subfield code="a">Sedimentation and deposition</subfield>
   </datafield>
   <datafield ind2="0" ind1="0" tag="245">
      <subfield code="a">Sedimentary rates driven by laboratory lock-exchange turbidity currents flowing over gravel and vegetated beds</subfield>
   </datafield>
</record></metadata></record></GetRecord></OAI-PMH>